00660nam a2200181 i 450000100060000000300090000600500170001500700030003200800410003510000490007624500930012526000400021830000220025874000390028085200210031999900170034095201210035773976ES-MaACL20251009063052.0t|040914s1913 ag ||||1| spa d1 aGonzález, Joaquín V., d1863-192395832913aEl juicio del siglo o Cien años de historia argentina / cpor Joaquín V. González. aBuenos Aires : b[Tragaut], c1913. a298 p. ; c19 cm.0 aCien años de historia argentina. aES-MaACLjD-1913 c73976d73976 00104070aATENEOMbATENEOMcSVId2008-01-17eSCl0oD-1913p901077433r2023-02-23 00:00:00w2023-02-23yMONOGRAFIA